[Event "Pilsen Open 2015"]
[Site "Pilsen CZE"]
[Date "2015.11.25"]
[Round "4.3"]
[White "Kiltti, Jyrki"]
[Black "Strebkovs, Andrejs"]
[Result "1-0"]
[WhiteElo "2203"]
[BlackElo "2328"]
[PlyCount "88"]
[EventDate "2015.11.22"]
[EventType "swiss"]
[EventRounds "7"]
[EventCountry "CZE"]
[Source "lmi"]
[SourceDate "2015.11.22"]

1. c4 c6 2. Nc3 g6 3. e4 d6 4. d4 e5 5. Nf3 Bg7 6. Be3 Nd7 7. Be2 Ngf6 8. h3
O-O 9. Qd2 exd4 10. Nxd4 Nc5 11. f3 Nh5 12. O-O-O Qa5 13. Nb3 Nxb3+ 14. axb3
Ng3 15. Rhe1 Nxe2+ 16. Rxe2 b5 17. Bd4 Bxd4 18. Qxd4 bxc4 19. bxc4 Be6 20. f4
Rab8 21. f5 gxf5 22. Qf6 Qe5 23. Qxe5 dxe5 24. exf5 Bxf5 25. Rxe5 Be6 26. Rd6
Rb6 27. Rg5+ Kh8 28. Rc5 Rfb8 29. Rd2 Ra6 30. Ne4 h6 31. Kc2 Kg7 32. Rd3 Ra4
33. Rg3+ Kf8 34. b3 Ra2+ 35. Kc3 Rb6 36. Rh5 Ke7 37. Rxh6 Re2 38. Nc5 Bf5 39.
Kd4 Rd2+ 40. Ke3 Rc2 41. Rf3 Bg6 42. Rf2 Rc1 43. Ra2 Kd6 44. Ne4+ Ke6 1-0

[Event "Pilsen Open 2015"]
[Site "Pilsen CZE"]
[Date "2015.11.25"]
[Round "4.4"]
[White "Borsos, Bogdan"]
[Black "Ilandzis, Spyridon"]
[Result "1-0"]
[WhiteElo "2278"]
[BlackElo "2173"]
[PlyCount "69"]
[EventDate "2015.11.22"]
[EventType "swiss"]
[EventRounds "7"]
[EventCountry "CZE"]
[Source "lmi"]
[SourceDate "2015.11.22"]

1. d4 Nf6 2. Bg5 c5 3. d5 Qb6 4. Nc3 Qxb2 5. Bd2 Qb6 6. e4 d6 7. f4 e5 8. Nf3
Nbd7 9. a4 g6 10. a5 Qc7 11. a6 c4 12. axb7 Bxb7 13. Qe2 Nb6 14. Rb1 a6 15. Be3
Nfd7 16. Qf2 Nc8 17. fxe5 Bg7 18. Be2 O-O 19. O-O Nxe5 20. Bd4 Nxf3+ 21. Bxf3
Bxd4 22. Qxd4 Ne7 23. Rb4 Rac8 24. Rfb1 Ba8 25. Qf6 a5 26. Rb6 Rcd8 27. h4 h5
28. Kh2 Kh7 29. Ra6 Ng8 30. Qd4 Qe7 31. Kg3 f5 32. exf5 Rxf5 33. Ra7 Rd7 34.
Rxa8 Nh6 35. Rh8# 1-0

[Event "Pilsen Open 2015"]
[Site "Pilsen CZE"]
[Date "2015.11.25"]
[Round "4.5"]
[White "Daels, Marc"]
[Black "Palek, Miroslav"]
[Result "1/2-1/2"]
[WhiteElo "2238"]
[BlackElo "2214"]
[PlyCount "92"]
[EventDate "2015.11.22"]
[EventType "swiss"]
[EventRounds "7"]
[EventCountry "CZE"]
[Source "lmi"]
[SourceDate "2015.11.22"]

1. d4 Nf6 2. c4 c5 3. d5 e5 4. Nc3 d6 5. e4 Be7 6. Nf3 Nbd7 7. h3 Nf8 8. Be3
Ng6 9. Qd2 Bd7 10. g4 h6 11. Bd3 Nh7 12. O-O-O a6 13. Ne2 Ng5 14. Ne1 b5 15.
Ng3 Nh4 16. Qe2 Qa5 17. Kb1 bxc4 18. Bxc4 Bb5 19. Rc1 g6 20. f4 exf4 21. Bxf4
O-O 22. e5 Rfe8 23. Ne4 dxe5 24. Bxg5 Bxg5 25. Nxg5 hxg5 26. Rf1 Kg7 27. Nd3 e4
28. Nxc5 Nf3 29. Nxe4 Rxe4 30. Qxf3 Bxc4 31. Qxe4 Qxa2+ 32. Kc2 Bxf1 33. Qd4+
Kg8 34. Rxf1 Rc8+ 35. Kd2 Rd8 36. d6 Qe6 37. Rf6 Qb3 38. Rf2 a5 39. Kc1 Qxh3
40. d7 Qh1+ 41. Kd2 Qb7 42. Rh2 f6 43. Rh8+ Kxh8 44. Qxf6+ Kh7 45. Qe7+ Kh6 46.
Qxd8 Qd5+ 1/2-1/2

[Event "Pilsen Open 2015"]
[Site "Pilsen CZE"]
[Date "2015.11.25"]
[Round "4.6"]
[White "Ianov, Viktor"]
[Black "Verwoert, Jef"]
[Result "1/2-1/2"]
[WhiteElo "2305"]
[BlackElo "2030"]
[PlyCount "100"]
[EventDate "2015.11.22"]
[EventType "swiss"]
[EventRounds "7"]
[EventCountry "CZE"]
[Source "lmi"]
[SourceDate "2015.11.22"]

1. b3 e5 2. Bb2 Nc6 3. c4 Nf6 4. g3 d5 5. cxd5 Nxd5 6. Bg2 Be6 7. Nf3 f6 8. O-O
Be7 9. e4 Nb6 10. d4 exd4 11. Na3 d3 12. Nb5 Bg4 13. h3 Bxf3 14. Qxf3 a6 15.
Nc3 O-O 16. Rfd1 Ne5 17. Qe3 Nbd7 18. Nd5 Bc5 19. Qd2 c6 20. Nf4 Qe7 21. Nxd3
Nxd3 22. Qxd3 Ne5 23. Qe2 Rad8 24. Kh2 Kh8 25. f4 Ng6 26. Qc4 Ba7 27. h4 Qc7
28. Qf1 Qf7 29. Rxd8 Rxd8 30. Rd1 Rxd1 31. Qxd1 Bb6 32. h5 Nf8 33. Bh3 Qe7 34.
Qc2 Qb4 35. h6 Qe1 36. Qg2 Qd1 37. hxg7+ Kxg7 38. e5 fxe5 39. fxe5 Bd4 40. Bxd4
Qxd4 41. e6 Qe5 42. Qd2 Nxe6 43. Qd7+ Kf6 44. Qxh7 Qe2+ 45. Bg2 Ng5 46. Qh6+
Kf5 47. Qf8+ Kg6 48. Qg8+ Kf5 49. Qf8+ Kg6 50. Qg8+ Kf5 1/2-1/2

[Event "Pilsen Open 2015"]
[Site "Pilsen CZE"]
[Date "2015.11.25"]
[Round "4.7"]
[White "Domanski, Lukasz"]
[Black "Jurek, Josef"]
[Result "0-1"]
[WhiteElo "2083"]
[BlackElo "2290"]
[PlyCount "42"]
[EventDate "2015.11.22"]
[EventType "swiss"]
[EventRounds "7"]
[EventCountry "CZE"]
[Source "lmi"]
[SourceDate "2015.11.22"]

1. e4 c5 2. Nf3 e6 3. c3 Nf6 4. e5 Nd5 5. d4 cxd4 6. cxd4 b6 7. Nc3 Nxc3 8.
bxc3 Qc7 9. Bd2 d6 10. Bd3 Nd7 11. O-O dxe5 12. Ng5 Bb7 13. Qh5 g6 14. Qh3 Be7
15. Rae1 Bd5 16. c4 Bxc4 17. Rc1 b5 18. Qf3 O-O 19. Nxf7 exd4 20. Bh6 Ne5 21.
Qg3 Rxf7 0-1

[Event "Pilsen Open 2015"]
[Site "Pilsen CZE"]
[Date "2015.11.25"]
[Round "4.8"]
[White "Bartonicek, Zdenek"]
[Black "Kuba, Stanislav"]
[Result "0-1"]
[WhiteElo "1982"]
[BlackElo "2135"]
[PlyCount "94"]
[EventDate "2015.11.22"]
[EventType "swiss"]
[EventRounds "7"]
[EventCountry "CZE"]
[Source "lmi"]
[SourceDate "2015.11.22"]

1. e4 g6 2. d4 Bg7 3. Nc3 d6 4. Bc4 Nf6 5. Nf3 O-O 6. O-O c6 7. Re1 d5 8. Bb3
dxe4 9. Nxe4 Bg4 10. c3 Nbd7 11. h3 Nxe4 12. hxg4 Nef6 13. g5 Nd5 14. c4 Nc7
15. Be3 Re8 16. Qd2 e5 17. Rad1 exd4 18. Bxd4 Rxe1+ 19. Qxe1 Bxd4 20. Rxd4 Ne6
21. Rd1 Qe7 22. Qe3 Ndc5 23. Bc2 a5 24. Qe5 Rd8 25. Rxd8+ Qxd8 26. b3 b5 27.
cxb5 cxb5 28. a3 b4 29. axb4 axb4 30. g3 Qb6 31. Qf6 Qd8 32. Qe5 Qc7 33. Qf6
Nd7 34. Qe7 Qxc2 35. Qxd7 Qxb3 36. Ne5 Qb1+ 37. Kh2 Qf5 38. f4 Kg7 39. Qd5 Qc2+
40. Kh1 Qc5 41. Qb7 Nxg5 42. Qg2 Qd4 43. Nc6 Qd1+ 44. Kh2 Qh5+ 45. Kg1 Nf3+ 46.
Kf1 Qb5+ 47. Qe2 Qxc6 0-1

[Event "Pilsen Open 2015"]
[Site "Pilsen CZE"]
[Date "2015.11.25"]
[Round "4.9"]
[White "Thalwitzer, David"]
[Black "Prachar, Josef"]
[Result "1-0"]
[WhiteElo "2124"]
[BlackElo "1940"]
[PlyCount "101"]
[EventDate "2015.11.22"]
[EventType "swiss"]
[EventRounds "7"]
[EventCountry "CZE"]
[Source "lmi"]
[SourceDate "2015.11.22"]

1. e4 c5 2. c3 Nf6 3. e5 Nd5 4. d4 cxd4 5. Nf3 Nc6 6. Bc4 Nb6 7. Bb3 d5 8. exd6
Qxd6 9. Na3 a6 10. O-O Be6 11. Bxe6 Qxe6 12. Nxd4 Nxd4 13. Qxd4 Rd8 14. Qb4 Qc6
15. Nc2 Nd5 16. Qb3 e6 17. Nd4 Qc7 18. Bg5 Be7 19. Bxe7 Qxe7 20. Qa4+ Qd7 21.
Qc2 O-O 22. Qe4 Qc7 23. g3 Qb6 24. Qe2 Rfe8 25. a3 e5 26. Rfe1 Qg6 27. Kh1 Nf6
28. Nf3 e4 29. Nd4 Qg4 30. Kg2 Qd7 31. Rad1 Qd5 32. Nc2 Qc6 33. Kg1 Qe6 34. Ne3
Qh3 35. Rxd8 Rxd8 36. Rd1 Re8 37. Qf1 Qe6 38. Qc4 Qe5 39. Qd4 Qb5 40. c4 Qb3
41. Rd2 h6 42. h3 Qa4 43. Qd6 Qa5 44. Kg2 Qh5 45. Qf4 Qe5 46. Qxe5 Rxe5 47. b4
a5 48. c5 axb4 49. axb4 Kf8 50. Rd6 Ke8 51. Rb6 1-0

[Event "Pilsen Open 2015"]
[Site "Pilsen CZE"]
[Date "2015.11.25"]
[Round "4.10"]
[White "Malinovsky, Petr"]
[Black "Simet, Martin"]
[Result "1-0"]
[WhiteElo "1951"]
[BlackElo "2116"]
[PlyCount "99"]
[EventDate "2015.11.22"]
[EventType "swiss"]
[EventRounds "7"]
[EventCountry "CZE"]
[Source "lmi"]
[SourceDate "2015.11.22"]

1. d4 Nf6 2. c4 g6 3. f3 Bg7 4. e4 d6 5. Nc3 O-O 6. Be3 Nc6 7. Nge2 a6 8. Qd2
Rb8 9. a4 e5 10. d5 Ne7 11. b4 Ne8 12. Nc1 f5 13. Be2 f4 14. Bf2 h5 15. a5 g5
16. h3 Nf6 17. N1a2 Qe8 18. b5 g4 19. hxg4 hxg4 20. Kd1 Qg6 21. Kc2 g3 22. Bg1
Nd7 23. Nb4 Nc5 24. Nd3 Nxd3 25. Bxd3 Kf7 26. c5 Rh8 27. Rxh8 Bxh8 28. Qe2 Ra8
29. c6 axb5 30. cxb7 Bxb7 31. Nxb5 c6 32. Nc7 Rc8 33. Bb6 cxd5 34. a6 Ba8 35.
Kd2 dxe4 36. Bxe4 Bxe4 37. Qxe4 Qh6 38. a7 d5 39. Nxd5 Qd6 40. a8=Q Rxa8 41.
Rxa8 Qxd5+ 42. Qxd5+ Nxd5 43. Rxh8 Nxb6 44. Kd3 Nd5 45. Ke4 Ne3 46. Kxe5 Nxg2
47. Rh1 Ne3 48. Kxf4 g2 49. Rg1 Nd5+ 50. Kg3 1-0

[Event "Pilsen Open 2015"]
[Site "Pilsen CZE"]
[Date "2015.11.25"]
[Round "4.11"]
[White "Pribyl, Viktor"]
[Black "Pavlicek, Petr"]
[Result "1/2-1/2"]
[WhiteElo "1830"]
[BlackElo "1929"]
[PlyCount "54"]
[EventDate "2015.11.22"]
[EventType "swiss"]
[EventRounds "7"]
[EventCountry "CZE"]
[Source "lmi"]
[SourceDate "2015.11.22"]

1. d4 Nf6 2. Bf4 g6 3. e3 Bg7 4. Nf3 O-O 5. h3 d5 6. Be2 c5 7. c3 Nc6 8. Ne5
Qb6 9. Qb3 c4 10. Qxb6 axb6 11. a3 Nd7 12. Nxd7 Bxd7 13. Nd2 e5 14. dxe5 Nxe5
15. Nf3 Rfe8 16. Rd1 Bc6 17. O-O f6 18. Nd4 Kf7 19. Rd2 Bf8 20. Rfd1 Ba4 21.
Rc1 Bc5 22. Nf3 Bc6 23. Rcd1 Ba4 24. Rc1 Bc6 25. Rcd1 Ba4 26. Re1 Bc6 27. Red1
Ba4 1/2-1/2

[Event "Pilsen Open 2015"]
[Site "Pilsen CZE"]
[Date "2015.11.25"]
[Round "4.12"]
[White "Kejzlar, Lubos"]
[Black "Spreer, Lutz"]
[Result "0-1"]
[WhiteElo "1922"]
[BlackElo "1573"]
[PlyCount "68"]
[EventDate "2015.11.22"]
[EventType "swiss"]
[EventRounds "7"]
[EventCountry "CZE"]
[Source "lmi"]
[SourceDate "2015.11.22"]

1. e4 d5 2. Nc3 d4 3. Nce2 e5 4. Ng3 Nc6 5. Bb5 Bc5 6. Nf3 Bg4 7. Bxc6+ bxc6 8.
h3 Bxf3 9. Qxf3 Ne7 10. O-O O-O 11. d3 f5 12. Nxf5 Nxf5 13. exf5 Qf6 14. Bd2
Rab8 15. b3 Rb6 16. Rfe1 Bd6 17. Re4 c5 18. Rg4 Qxf5 19. Bh6 Qxf3 20. Rxg7+ Kh8
21. gxf3 Rf6 22. Rd7 Rxh6 23. Rd8+ Kg7 24. Re1 Rxh3 25. Re4 Rh6 26. Kf1 Kf7 27.
Rg4 Rg6 28. Rh4 h6 29. Ra8 Ra6 30. a4 Rf6 31. Ke2 Be7 32. Rh5 Ke6 33. Rc8 Kd6
34. Ra8 Rf8 0-1

[Event "Pilsen Open 2015"]
[Site "Pilsen CZE"]
[Date "2015.11.25"]
[Round "4.14"]
[White "Samarin, Leonid"]
[Black "Vlk, Miloslav"]
[Result "1-0"]
[WhiteElo "1743"]
[BlackElo "1988"]
[PlyCount "131"]
[EventDate "2015.11.22"]
[EventType "swiss"]
[EventRounds "7"]
[EventCountry "CZE"]
[Source "lmi"]
[SourceDate "2015.11.22"]

1. d4 d5 2. Bg5 Bf5 3. e3 f6 4. Bh4 e6 5. Bd3 Nh6 6. Nf3 Bd6 7. Bg3 O-O 8. Nh4
Bxd3 9. Qxd3 c6 10. Nd2 e5 11. c4 e4 12. Qe2 g5 13. Qh5 Kg7 14. c5 Bc7 15. Bxc7
Qxc7 16. g3 Na6 17. Ng2 Nb4 18. h4 Qf7 19. hxg5 Qxh5 20. Rxh5 fxg5 21. Ke2 Kg6
22. Rah1 Ng4 23. f4 h6 24. Ne1 Rf7 25. a3 Na6 26. Nf1 b6 27. b4 bxc5 28. dxc5
Nc7 29. R5h3 a5 30. Nh2 Nxh2 31. R1xh2 Rh7 32. f5+ Kxf5 33. Rxh6 Rxh6 34. Rxh6
Ne6 35. g4+ Ke5 36. Nc2 Ra6 37. a4 Ra7 38. Rg6 Ra8 39. b5 cxb5 40. axb5 Nxc5
41. Rxg5+ Kd6 42. Rg6+ Kd7 43. Rc6 Ne6 44. Nd4 Nxd4+ 45. exd4 a4 46. Rc1 a3 47.
b6 Rb8 48. Ra1 Rxb6 49. Rxa3 Rg6 50. Ra7+ Kc8 51. Ra5 Rd6 52. Ke3 Kd7 53. g5
Ke6 54. Kf4 Kf7 55. g6+ Kg8 56. Ra3 Rd8 57. Re3 Kg7 58. Re1 Rh8 59. Ra1 Rf8+
60. Ke5 Rd8 61. Kf5 Re8 62. Ra7+ Kg8 63. Ra2 Kh8 64. Kf6 e3 65. g7+ Kg8 66. Rh2
1-0

[Event "Pilsen Open 2015"]
[Site "Pilsen CZE"]
[Date "2015.11.25"]
[Round "4.15"]
[White "Kalista, Karel"]
[Black "Friedel, Roland"]
[Result "1/2-1/2"]
[WhiteElo "1850"]
[BlackElo "1696"]
[PlyCount "62"]
[EventDate "2015.11.22"]
[EventType "swiss"]
[EventRounds "7"]
[EventCountry "CZE"]
[Source "lmi"]
[SourceDate "2015.11.22"]

1. d4 d5 2. c4 dxc4 3. Nf3 Nf6 4. e3 e6 5. Bxc4 c5 6. Nc3 a6 7. a4 Nc6 8. O-O
Be7 9. Qe2 O-O 10. Rd1 cxd4 11. exd4 Nb4 12. Bf4 Nbd5 13. Be5 b6 14. Rac1 Bb7
15. Ba2 Nb4 16. Bb1 Nfd5 17. Be4 Nxc3 18. Rxc3 Bxe4 19. Qxe4 Nd5 20. Rc6 Qd7
21. Rdc1 Rfc8 22. Qc2 Rxc6 23. Qxc6 Qxc6 24. Rxc6 b5 25. axb5 axb5 26. g3 h6
27. Kg2 b4 28. Ne1 Rd8 29. Rc4 Nb6 30. Rc6 Nd5 31. Rc4 Nb6 1/2-1/2

[Event "Pilsen Open 2015"]
[Site "Pilsen CZE"]
[Date "2015.11.25"]
[Round "4.16"]
[White "Hlozek, David"]
[Black "Alekseev, Vladimir K"]
[Result "1/2-1/2"]
[WhiteElo "1653"]
[BlackElo "1352"]
[PlyCount "50"]
[EventDate "2015.11.22"]
[EventType "swiss"]
[EventRounds "7"]
[EventCountry "CZE"]
[Source "lmi"]
[SourceDate "2015.11.22"]

1. e4 e6 2. d4 d5 3. Nd2 dxe4 4. Nxe4 Nd7 5. Nf3 Ngf6 6. Bd3 c5 7. c3 Nxe4 8.
Bxe4 Nf6 9. Bd3 cxd4 10. Nxd4 Bc5 11. Nb3 Bb6 12. O-O h6 13. Qf3 Bd7 14. Qxb7
Rc8 15. Qa6 O-O 16. Bb5 Bxb5 17. Qxb5 Ng4 18. Qe2 Qh4 19. h3 Rc4 20. hxg4 Rxg4
21. Qf3 Bc7 22. g3 Bxg3 23. Qg2 Bh2+ 24. Kh1 Bg3+ 25. Kg1 Bh2+ 1/2-1/2

[Event "Pilsen Open 2015"]
[Site "Pilsen CZE"]
[Date "2015.11.26"]
[Round "5.1"]
[White "Mirzoeva, Elmira"]
[Black "Docekal, Jan"]
[Result "1-0"]
[WhiteElo "2276"]
[BlackElo "2276"]
[PlyCount "103"]
[EventDate "2015.11.22"]
[EventType "swiss"]
[EventRounds "7"]
[EventCountry "CZE"]
[Source "lmi"]
[SourceDate "2015.11.22"]

1. d4 c5 2. d5 e5 3. e4 d6 4. Nc3 Be7 5. Nf3 Nf6 6. Bb5+ Bd7 7. a4 O-O 8. h3
Na6 9. O-O Nc7 10. Bd3 Nfe8 11. Rb1 b6 12. b4 cxb4 13. Rxb4 Qc8 14. Qe2 g6 15.
Bh6 Ng7 16. Rfb1 f6 17. Nb5 Nce8 18. Na3 f5 19. Bb5 fxe4 20. Rxe4 Nf6 21. Rc4
Qd8 22. Bc6 Rc8 23. Nb5 Bxc6 24. Rxc6 a6 25. Bxg7 Kxg7 26. Ng5 Qd7 27. Ne6+ Kh8
28. Nxf8 Rxf8 29. Nxd6 e4 30. Nxe4 Qxd5 31. Rc4 Nh5 32. Rd1 Qf7 33. Rc7 Qe6 34.
Nc3 Qxe2 35. Nxe2 Bc5 36. Rf1 Re8 37. Nc3 Nf4 38. Rd1 Ne6 39. Rcd7 Nf8 40. Rd8
Re5 41. Kf1 Kg7 42. Re1 Rxe1+ 43. Kxe1 Ne6 44. Rd7+ Kf6 45. Ne4+ Ke5 46. Nxc5
Nxc5 47. Rxh7 Nxa4 48. Kd2 a5 49. Rf7 Kd5 50. h4 Kc6 51. Rg7 Nc5 52. Rxg6+ 1-0

[Event "Pilsen Open 2015"]
[Site "Pilsen CZE"]
[Date "2015.11.26"]
[Round "5.2"]
[White "Jurek, Josef"]
[Black "Thalwitzer, David"]
[Result "1-0"]
[WhiteElo "2290"]
[BlackElo "2124"]
[PlyCount "183"]
[EventDate "2015.11.22"]
[EventType "swiss"]
[EventRounds "7"]
[EventCountry "CZE"]
[Source "lmi"]
[SourceDate "2015.11.22"]

1. d4 Nf6 2. c4 g6 3. Nc3 Bg7 4. g3 O-O 5. Bg2 d6 6. Nf3 c6 7. O-O Bf5 8. Qb3
Qb6 9. Re1 Na6 10. e4 Bg4 11. Be3 c5 12. d5 Nd7 13. Qc2 Bxf3 14. Bxf3 Bd4 15.
Qd2 Rab8 16. b3 Bxe3 17. Rxe3 Qa5 18. Be2 Nc7 19. f4 b5 20. e5 bxc4 21. bxc4
Nb6 22. Qc2 dxe5 23. fxe5 Nd7 24. Rd1 Rb6 25. Bg4 f5 26. Bf3 Qa6 27. Qd3 Rd8
28. Re2 Kg7 29. g4 Nf8 30. gxf5 gxf5 31. e6 Ng6 32. Bh5 Rf8 33. Rg2 Ne8 34. Nb5
Rf6 35. Rf1 Qa5 36. Rxf5 Qe1+ 37. Qf1 Qxf1+ 38. Rxf1 Rxf1+ 39. Kxf1 a6 40. Bxg6
hxg6 41. Nc3 Nd6 42. Na4 Rb1+ 43. Ke2 Nxc4 44. Nxc5 a5 45. Kd3 Nb6 46. Rf2 Nxd5
47. Rf7+ Kg8 48. a3 Re1 49. Kd4 Rd1+ 50. Ke5 Nb6 51. Rxe7 Rd5+ 52. Kf6 Rxc5 53.
Rg7+ Kh8 54. Rb7 Nd5+ 55. Kxg6 Nf4+ 56. Kf6 Nxe6 57. Kxe6 Rc4 58. Rb3 a4 59.
Rg3 Rc2 60. Rg4 Rxh2 61. Rxa4 Kg7 62. Rf4 Ra2 63. Rf3 Rd2 64. Ke5 Kg6 65. a4
Ra2 66. Rf4 Kg5 67. Rc4 Ra1 68. Kd6 Kf6 69. Kc6 Ke6 70. Re4+ Kf5 71. Rd4 Ke6
72. Re4+ Kf5 73. Rb4 Ke6 74. Kb6 Kd7 75. Kb7 Kd6 76. Kb6 Kd7 77. Rc4 Rb1+ 78.
Ka7 Ra1 79. Ka6 Ra2 80. a5 Ra1 81. Kb6 Rb1+ 82. Ka7 Ra1 83. a6 Ra2 84. Kb7 Rb2+
85. Ka8 Ra2 86. a7 Ra1 87. Kb7 Rb1+ 88. Ka6 Ra1+ 89. Kb6 Kd8 90. Rc5 Rb1+ 91.
Rb5 Ra1 92. Ra5 1-0

[Event "Pilsen Open 2015"]
[Site "Pilsen CZE"]
[Date "2015.11.26"]
[Round "5.3"]
[White "Kuba, Stanislav"]
[Black "Daels, Marc"]
[Result "0-1"]
[WhiteElo "2135"]
[BlackElo "2238"]
[PlyCount "22"]
[EventDate "2015.11.22"]
[EventType "swiss"]
[EventRounds "7"]
[EventCountry "CZE"]
[Source "lmi"]
[SourceDate "2015.11.22"]

1. g3 e5 2. c4 Nf6 3. Nc3 d5 4. cxd5 Nxd5 5. Bg2 Nb6 6. Nf3 Nc6 7. O-O Be7 8.
a3 O-O 9. b4 Be6 10. b5 Nd4 11. Nxe5 Bb3 0-1

[Event "Pilsen Open 2015"]
[Site "Pilsen CZE"]
[Date "2015.11.26"]
[Round "5.4"]
[White "Piankov, Evgenij"]
[Black "Seddaoui, Yamine"]
[Result "0-1"]
[WhiteElo "2233"]
[BlackElo "2153"]
[PlyCount "60"]
[EventDate "2015.11.22"]
[EventType "swiss"]
[EventRounds "7"]
[EventCountry "CZE"]
[Source "lmi"]
[SourceDate "2015.11.22"]

1. f4 e6 2. Nf3 f5 3. e3 Nf6 4. d4 d5 5. Bd3 Bd6 6. O-O O-O 7. b3 Nbd7 8. c4 c6
9. c5 Bc7 10. b4 b6 11. Qc2 bxc5 12. bxc5 a5 13. a4 Ba6 14. Bxa6 Rxa6 15. Nbd2
Ra8 16. Bb2 Qe7 17. Bc3 Ne4 18. Rab1 Rfb8 19. Nxe4 fxe4 20. Nd2 g5 21. g3 gxf4
22. gxf4 Kf7 23. Kh1 Qh4 24. Rxb8 Rxb8 25. Qd1 Qh3 26. Qe2 Rg8 27. Rg1 Rxg1+
28. Kxg1 Bxf4 29. Qf2 Qxe3 30. Bxa5 Qxf2+ 0-1

[Event "Pilsen Open 2015"]
[Site "Pilsen CZE"]
[Date "2015.11.26"]
[Round "5.5"]
[White "Verwoert, Jef"]
[Black "Plischki, Sebastian"]
[Result "0-1"]
[WhiteElo "2030"]
[BlackElo "2392"]
[PlyCount "60"]
[EventDate "2015.11.22"]
[EventType "swiss"]
[EventRounds "7"]
[EventCountry "CZE"]
[Source "lmi"]
[SourceDate "2015.11.22"]

1. e4 c5 2. Nc3 Nc6 3. f4 g6 4. Nf3 Bg7 5. Bb5 Nd4 6. O-O a6 7. Bc4 b5 8. Bd5
Rb8 9. e5 e6 10. Be4 f5 11. Bd3 Nh6 12. h3 O-O 13. Nxd4 cxd4 14. Ne2 d6 15.
exd6 Qxd6 16. Qe1 Nf7 17. Ng3 e5 18. fxe5 Nxe5 19. Be2 d3 20. cxd3 Bb7 21. d4
Qxd4+ 22. Qf2 Qxf2+ 23. Rxf2 f4 24. Nh1 f3 25. gxf3 Nxf3+ 26. Bxf3 Bxf3 27. Kh2
Be5+ 28. Ng3 Bd5 29. Re2 Rbe8 30. Re3 Rf2+ 0-1

[Event "Pilsen Open 2015"]
[Site "Pilsen CZE"]
[Date "2015.11.26"]
[Round "5.6"]
[White "Stanislowski, Detlev"]
[Black "Ianov, Viktor"]
[Result "0-1"]
[WhiteElo "1964"]
[BlackElo "2305"]
[PlyCount "78"]
[EventDate "2015.11.22"]
[EventType "swiss"]
[EventRounds "7"]
[EventCountry "CZE"]
[Source "lmi"]
[SourceDate "2015.11.22"]

1. c4 g6 2. g3 Bg7 3. Bg2 Nf6 4. Nc3 O-O 5. e4 c5 6. Nge2 Nc6 7. d3 d6 8. O-O
Ne8 9. Be3 Nd4 10. Qd2 Nc7 11. Rac1 Rb8 12. f4 b5 13. b3 b4 14. Nd5 Nxe2+ 15.
Qxe2 Ne6 16. Kh1 Nd4 17. Bxd4 Bxd4 18. f5 Bd7 19. g4 e6 20. Ne3 Qh4 21. Rf3 a5
22. Nc2 Be5 23. Rh3 Qg5 24. Rd1 a4 25. d4 cxd4 26. Nxd4 axb3 27. axb3 Qe7 28.
Qd2 exf5 29. gxf5 Bg7 30. Rg3 Rfd8 31. Rf1 Rdc8 32. Qf2 Be5 33. fxg6 fxg6 34.
Rf3 Rf8 35. Rxf8+ Rxf8 36. Qxf8+ Qxf8 37. Rxf8+ Kxf8 38. Nc2 Bc3 39. Kg1 Bg4
0-1

[Event "Pilsen Open 2015"]
[Site "Pilsen CZE"]
[Date "2015.11.26"]
[Round "5.7"]
[White "Ilandzis, Spyridon"]
[Black "Plchot, Miroslav"]
[Result "1-0"]
[WhiteElo "2173"]
[BlackElo "1902"]
[PlyCount "77"]
[EventDate "2015.11.22"]
[EventType "swiss"]
[EventRounds "7"]
[EventCountry "CZE"]
[Source "lmi"]
[SourceDate "2015.11.22"]

1. d4 Nf6 2. c4 e5 3. dxe5 Ng4 4. Bf4 Bb4+ 5. Nc3 Nc6 6. Nf3 Qe7 7. Rc1 Ngxe5
8. Nxe5 Nxe5 9. e3 d6 10. Be2 O-O 11. O-O Bxc3 12. Rxc3 b6 13. Qd2 a5 14. b3
Bb7 15. a3 h6 16. Qb2 f5 17. b4 Ng6 18. c5 Nxf4 19. exf4 axb4 20. axb4 bxc5 21.
bxc5 Bd5 22. Re3 Qd7 23. Rd1 Rfb8 24. Qd2 c6 25. cxd6 Ra2 26. Qd4 Qxd6 27. Bc4
Rb4 28. Rg3 Qe7 29. Bxd5+ cxd5 30. Rxg7+ Qxg7 31. Qxb4 Qa7 32. Qe1 Qa4 33. Qe6+
Kg7 34. Qe5+ Kg6 35. Qxd5 Qc2 36. Qg8+ Kh5 37. Qf7+ Kg4 38. Qg6+ Kxf4 39. Qg3+
1-0

[Event "Pilsen Open 2015"]
[Site "Pilsen CZE"]
[Date "2015.11.26"]
[Round "5.8"]
[White "Gronde, Benedikt"]
[Black "Domanski, Lukasz"]
[Result "1/2-1/2"]
[WhiteElo "1823"]
[BlackElo "2083"]
[PlyCount "47"]
[EventDate "2015.11.22"]
[EventType "swiss"]
[EventRounds "7"]
[EventCountry "CZE"]
[Source "lmi"]
[SourceDate "2015.11.22"]

1. c4 b6 2. e4 e6 3. g3 Bb7 4. Bg2 f5 5. d3 Nf6 6. Nc3 Bb4 7. Bg5 Bxc3+ 8. bxc3
fxe4 9. dxe4 O-O 10. Ne2 h6 11. Bxf6 Qxf6 12. O-O e5 13. Nc1 d6 14. Nd3 Nc6 15.
Nb4 Na5 16. Nd5 Qf7 17. f4 exf4 18. Rxf4 Qe7 19. Rh4 Nxc4 20. Bh3 Qd8 21. Be6+
Kh8 22. Qc1 g5 23. Rxh6+ Kg7 24. Rh5 1/2-1/2

[Event "Pilsen Open 2015"]
[Site "Pilsen CZE"]
[Date "2015.11.26"]
[Round "5.9"]
[White "Paldus, Petr"]
[Black "Pribylova, Sofie"]
[Result "1-0"]
[WhiteElo "2015"]
[BlackElo "1888"]
[PlyCount "103"]
[EventDate "2015.11.22"]
[EventType "swiss"]
[EventRounds "7"]
[EventCountry "CZE"]
[Source "lmi"]
[SourceDate "2015.11.22"]

1. e4 c5 2. a3 d6 3. b4 b6 4. Bb5+ Bd7 5. Bxd7+ Nxd7 6. Bb2 Ngf6 7. d3 g6 8. f4
Bg7 9. Nd2 O-O 10. Ngf3 e5 11. fxe5 Ng4 12. Nc4 Ngxe5 13. Ncxe5 Nxe5 14. Nxe5
Bxe5 15. Bxe5 dxe5 16. bxc5 bxc5 17. O-O Qd4+ 18. Kh1 c4 19. Rb1 cxd3 20. Qxd3
Qxd3 21. cxd3 Rfd8 22. Rb7 Rxd3 23. h4 Rf8 24. Rxa7 f5 25. exf5 gxf5 26. Rf3
Rd1+ 27. Kh2 f4 28. g3 Rd2+ 29. Kh3 Rd4 30. Re7 Re4 31. h5 Rf7 32. Rxf7 Kxf7
33. gxf4 exf4 34. Kg4 Ke6 35. Rxf4 Re3 36. Ra4 Kf6 37. Ra6+ Ke5 38. Kg5 Rg3+
39. Kh6 Rh3 40. a4 Kf4 41. Rb6 Ra3 42. Rb4+ Ke5 43. Kxh7 Rg3 44. a5 Rh3 45.
Rb5+ Kf6 46. Rb6+ Kg5 47. Rb5+ Kf6 48. h6 Rc3 49. Rb6+ Kg5 50. a6 Rc7+ 51. Kg8
Rc8+ 52. Kf7 1-0

[Event "Pilsen Open 2015"]
[Site "Pilsen CZE"]
[Date "2015.11.26"]
[Round "5.10"]
[White "Von Keyserlingk, Chanda"]
[Black "Bartonicek, Zdenek"]
[Result "1/2-1/2"]
[WhiteElo "1743"]
[BlackElo "1982"]
[PlyCount "44"]
[EventDate "2015.11.22"]
[EventType "swiss"]
[EventRounds "7"]
[EventCountry "CZE"]
[Source "lmi"]
[SourceDate "2015.11.22"]

1. d4 Nf6 2. c4 g6 3. f3 c6 4. e4 d6 5. Nc3 Bg7 6. Be3 Nbd7 7. Qd2 Qc7 8. Nh3
a6 9. Nf2 e5 10. d5 c5 11. Be2 Rb8 12. O-O O-O 13. a4 b6 14. Rfb1 Ne8 15. Rf1
Ndf6 16. b3 Bd7 17. Qa2 a5 18. Qd2 Qc8 19. Nb5 Bxb5 20. axb5 Nh5 21. Nd3 Rb7
22. Rab1 Ra7 1/2-1/2

[Event "Pilsen Open 2015"]
[Site "Pilsen CZE"]
[Date "2015.11.26"]
[Round "5.11"]
[White "Prachar, Josef"]
[Black "Pribyl, Viktor"]
[Result "1-0"]
[WhiteElo "1940"]
[BlackElo "1830"]
[PlyCount "43"]
[EventDate "2015.11.22"]
[EventType "swiss"]
[EventRounds "7"]
[EventCountry "CZE"]
[Source "lmi"]
[SourceDate "2015.11.22"]

1. d4 Nf6 2. c4 g6 3. Nc3 d5 4. cxd5 Nxd5 5. Bd2 Bg7 6. e4 Nb6 7. Be3 O-O 8.
Nf3 Nc6 9. d5 Ne5 10. Nxe5 Bxe5 11. f4 Bg7 12. Be2 e6 13. Bc5 Re8 14. d6 e5 15.
dxc7 Qxc7 16. Bd6 Qd8 17. O-O exf4 18. Bxf4 Qd4+ 19. Kh1 Qxd1 20. Raxd1 Rxe4
21. Rd8+ Bf8 22. Nxe4 1-0